Egypt and Nubia / (Record no. 9361)
[ view plain ]
| 000 -LEADER | |
|---|---|
| fixed length control field | 00880nac a22002771u 4500 |
| 010 ## - | |
| -- | 91071308 |
| 020 ## - INTERNATIONAL STANDARD BOOK NUMBER | |
| International Standard Book Number | 0674241304 (pbk.) |
| 082 00 - DEWEY DECIMAL CLASSIFICATION NUMBER | |
| Classification number | 939.78 |
| Item number | TAY |
| 090 ## - LOCALLY ASSIGNED LC-TYPE CALL NUMBER (OCLC); LOCAL CALL NUMBER (OCLC) | |
| -- | 9361 |
| -- | 9361 |
| 100 ## - MAIN ENTRY--PERSONAL NAME | |
| Personal name | Taylor, John H., |
| 245 10 - TITLE STATEMENT | |
| Title | Egypt and Nubia / |
| Statement of responsibility, etc | John H. Taylor. |
| 260 ## - | |
| -- | Cambridge, Mass. : |
| -- | Harvard University Press,c.1991. |
| -- | c.1991. |
| 300 ## - PHYSICAL DESCRIPTION | |
| Extent | 72 p. ; |
| Dimensions | 22 cm. |
| 336 ## - CONTENT TYPE | |
| Source | rdacontent |
| Content type term | text |
| Content type code | txt |
| 337 ## - MEDIA TYPE | |
| Media type term | unmediated |
| Source | rdamedia |
| Media type code | n |
| 338 ## - CARRIER TYPE | |
| Carrier type term | volume |
| Carrier type code | nc |
| Source | rdacarrier |
| 500 ## - GENERAL NOTE | |
| General note | On cover: British Museum. |
| 500 ## - GENERAL NOTE | |
| General note | Distributer: Al-Ahram. |
| 504 ## - BIBLIOGRAPHY, ETC. NOTE | |
| Bibliography, etc | Includes bibliographical references (p. 71) and index. |
| 511 ## - | |
| -- | Catalogued By: Mahitab. |
| 651 #0 - SUBJECT ADDED ENTRY--GEOGRAPHIC NAME | |
| Geographic name | Nubia |
| General subdivision | History. |
| 651 #0 - SUBJECT ADDED ENTRY--GEOGRAPHIC NAME | |
| Geographic name | Nubia |
| General subdivision | Relations |
| Geographic subdivision | Egypt. |
| 651 #0 - SUBJECT ADDED ENTRY--GEOGRAPHIC NAME | |
| Geographic name | Egypt |
| General subdivision | Relations |
| Geographic subdivision | Nubia. |
| 710 2# - ADDED ENTRY--CORPORATE NAME | |
| Corporate name or jurisdiction name as entry element | British Museum. |
| 942 ## - ADDED ENTRY ELEMENTS (KOHA) | |
| Koha item type | Book - Borrowing |
| Call number prefix | 939.78TAY |
| Classification part | RDA-MOD |
| Withdrawn status | Lost status | Source of classification or shelving scheme | Damaged status | Not for loan | Home library | Current library | Shelving location | Date acquired | Source of acquisition | Total Checkouts | Full call number | Barcode | Date last seen | Cost, replacement price | Price effective from | Koha item type |
|---|---|---|---|---|---|---|---|---|---|---|---|---|---|---|---|---|
| Dewey Decimal Classification | Central Library | Central Library | Second Floor | 05/05/2008 | Purchase | 939.78TAY | 000011256 | 15/07/2025 | 41.70 | 05/05/2008 | Book - Borrowing |